Normal view
MARC view
- Peralta, María del Sol,
Entry Nombre Personal
001 - NUMERO DE CONTROL
- campo de control: 40325
003 - IDENTIFICADOR DE NUMERO DE CONTROL
- campo de control: UPN
005 - FECHA Y HORA DE LA ÜLTIMA TRANSACCIÓN
- campo de control: 20210219194555.0
008 - DATOS DE LONGITUD FIJA
- campo de control de longitud fija: nabaccnnaabn|||||||||| b |nc|||||d
035 ## - NUMERO DE CONTROL
- Número de control: UPN11000012432
040 ## - FUENTE DE CATALOGACIÓN
- Lenguaje de catalogación: SPA
- Agencia de transcripción: UPN
100 1# - ENCABEZAMIENTO - NOMBRE PERSONAL
- Nombre personal: Peralta, María del Sol,
- Fechas asociadas con el nombre: 1977-
670 ## - FUENTE EN LA QUE SE LOCALIZARON DATOS
- Cita de la fuente: T
- Uniform Resource Identifier: http://www.mincultura.gov.co/prensa/noticias/Paginas/Mar%C3%ADa-del-Sol-Peralta-pescadora-de-libros-m%C3%BAsica-y-lectora-en-voz-alta.aspx
680 ## - NOTA PUBLICA DE ACCESO PÚBLICO
- Frase explicativa de la referencia: Colombiana. Escritora y especialista en música para niños. Pescadora de libros, música y lectora en voz alta
902 ## - CATALOGADOR
- Catalogador: EMR/260617
